[Event "Xtracon Chess Open 2017"]
[Site "Helsingor DEN"]
[Date "2017.07.25"]
[Round "5.120"]
[White "Madison, Sigurd"]
[Black "Carnstam, Tomas"]
[Result "0-1"]
[WhiteElo "1736"]
[BlackElo "1977"]
[WhiteFideId "1711806"]
[BlackFideId "1707221"]
[EventDate "2017.07.22"]

1. d4 d5 2. Nf3 c5 3. c3 e6 4. Nbd2 Nf6 5. g3 Nc6 6. Bg2 cxd4 7. cxd4 Be7 8. O-O
O-O 9. Re1 Bd7 10. a3 a5 11. b3 Qb6 12. Bb2 Rfc8 13. e3 Na7 14. Ne5 Be8 15. a4
Nc6 16. Nxc6 Bxc6 17. Re2 Rc7 18. Nf3 Rac8 19. Rc1 Be8 20. Rxc7 Rxc7 21. Ne5 Nd7
22. e4 Nxe5 23. dxe5 dxe4 24. Bxe4 Bb4 25. Kg2 Rc8 26. Qd3 Bc6 27. Qf3 Qc5 28.
h4 h6 29. Kh3 Bxe4 30. Rxe4 Qd5 31. Kg2 Rc2 32. Bd4 Bc5 33. Bxc5 Rxc5 34. Re3
Kf8 35. Qxd5 exd5 36. Kf3 Ke7 37. Rd3 Ke6 38. Kf4 g5+ 39. hxg5 hxg5+ 40. Kxg5
Kxe5 41. Rf3 Rc7 42. g4 d4 43. Rf5+ Ke4 44. Rf6 d3 45. Rd6 Rc5+ 46. Kh4 Rd5 47.
f3+ Kd4 48. Rf6 d2 0-1

[Event "Xtracon Chess Open 2017"]
[Site "Helsingor DEN"]
[Date "2017.07.25"]
[Round "5.121"]
[White "Philipsen, William Horup"]
[Black "Afsari-Rad, Aidin"]
[Result "0-1"]
[WhiteElo "1977"]
[BlackElo "1733"]
[WhiteFideId "1408470"]
[BlackFideId "1527177"]
[EventDate "2017.07.22"]

1. e4 e5 2. Nf3 Nc6 3. Bc4 Bc5 4. b4 Bxb4 5. c3 Ba5 6. d4 exd4 7. O-O Nf6 8. e5
d5 9. exf6 dxc4 10. Re1+ Be6 11. fxg7 Rg8 12. Ng5 Qf6 13. Nxe6 fxe6 14. Qh5+ Kd7
15. Bh6 Rae8 16. Nd2 Qg6 17. Qh4 Bxc3 18. Rad1 Bxd2 19. Rxd2 e5 20. g4 Re6 21.
g5 c3 22. Rde2 d3 23. Re4 d2 24. Rd1 Kc8 25. Rc4 Nd4 26. Qg4 Qc2 27. Rxd4 Qxd1+
28. Qxd1 exd4 29. Qg4 Kd7 30. Qxd4+ Rd6 31. Qg4+ Kd8 32. Qd1 c2 33. Qxc2 d1=Q+
34. Qxd1 Rxd1+ 35. Kg2 Rd7 36. f4 Rgxg7 37. Bxg7 Rxg7 38. h4 Ke7 39. f5 Rf7 40.
g6 Rxf5 41. g7 Kf7 0-1

[Event "Xtracon Chess Open 2017"]
[Site "Helsingor DEN"]
[Date "2017.07.25"]
[Round "5.123"]
[White "Greeuw, Sietske"]
[Black "Horslund, Mikael"]
[Result "1/2-1/2"]
[WhiteElo "1964"]
[BlackElo "1726"]
[WhiteFideId "1020285"]
[BlackFideId "1421042"]
[EventDate "2017.07.22"]

1. e4 d6 2. d4 Nf6 3. Nc3 c6 4. Bd3 e5 5. Nf3 Bg4 6. Be3 Nbd7 7. h3 Bh5 8. Qe2
exd4 9. Bxd4 Ne5 10. Bxe5 Bxf3 11. Qxf3 dxe5 12. O-O Be7 13. Nd1 O-O 14. Ne3 g6
15. Rad1 Qc7 16. Bc4 b5 17. Bb3 Rad8 18. Rxd8 Rxd8 19. Ng4 Kg7 20. Nxf6 Bxf6 21.
Rd1 Rd4 22. c3 Rd7 23. g3 Qd8 24. Kg2 Rxd1 25. Qxd1 Qxd1 26. Bxd1 Bg5 27. b3 Bd2
28. c4 b4 29. Bg4 1/2-1/2

[Event "Xtracon Chess Open 2017"]
[Site "Helsingor DEN"]
[Date "2017.07.25"]
[Round "5.125"]
[White "Hoti, Nimon"]
[Black "Lindgaard, Tobias Simon"]
[Result "1-0"]
[WhiteElo "1953"]
[BlackElo "1705"]
[WhiteFideId "1510746"]
[BlackFideId "1419820"]
[EventDate "2017.07.22"]

1. e4 e6 2. d4 d5 3. Nc3 Nf6 4. Bg5 Be7 5. e5 Nfd7 6. h4 f6 7. exf6 Bxf6 8. Nf3
a6 9. Qe2 Nf8 10. Bxf6 Qxf6 11. Nxd5 Qd8 12. Nc3 Nc6 13. O-O-O Ng6 14. g3 O-O
15. Qe4 Qf6 16. Be2 Bd7 17. Rh2 Rfe8 18. h5 Nf8 19. Kb1 b5 20. Bd3 e5 21. dxe5
Nxe5 22. Nxe5 Qxe5 23. f4 Qxe4 24. Bxe4 Rad8 25. b4 c5 26. a3 cxb4 27. axb4 a5
28. Rd4 Ne6 29. Bd5 axb4 30. Rxb4 Rc8 31. Ne4 1-0

[Event "Xtracon Chess Open 2017"]
[Site "Helsingor DEN"]
[Date "2017.07.25"]
[Round "5.127"]
[White "Nesse, David"]
[Black "Nilssen, Ellen Fredericia"]
[Result "0-1"]
[WhiteElo "1718"]
[BlackElo "1948"]
[WhiteFideId "1519875"]
[BlackFideId "1441230"]
[EventDate "2017.07.22"]

1. e4 e6 2. Qe2 c5 3. Nf3 Nc6 4. g3 Be7 5. Bg2 d5 6. d3 Nf6 7. e5 Nd7 8. h4 Qc7
9. Bf4 b6 10. O-O Bb7 11. Nc3 Nf8 12. Bg5 a6 13. Bxe7 Qxe7 14. Nd2 Nd4 15. Qg4
Rg8 16. Na4 Nd7 17. Nc4 f5 18. Qd1 dxc4 19. Bxb7 Ra7 20. Bg2 cxd3 21. cxd3 b5
22. Nc3 Nxe5 23. Re1 Qd6 24. Re3 Re7 25. a3 Rf8 26. f4 Ng4 27. Re1 Kf7 28. Bf3
h5 29. Kg2 Rd8 30. Bxg4 hxg4 31. Re3 Qc6+ 32. Kf2 Red7 33. Ne2 c4 34. Nxd4 Rxd4
35. Rc1 Qd6 36. Rc3 a5 37. Qc2 Rxd3 38. Rexd3 cxd3 39. Rc7+ Ke8 40. Qc3 d2 41.
Rxg7 d1=N+ 0-1

[Event "Xtracon Chess Open 2017"]
[Site "Helsingor DEN"]
[Date "2017.07.25"]
[Round "5.128"]
[White "Tandrup, Michael"]
[Black "Sondergaard, Lars"]
[Result "1-0"]
[WhiteElo "1946"]
[BlackElo "1686"]
[WhiteFideId "1408356"]
[BlackFideId "1406973"]
[EventDate "2017.07.22"]

1. d4 d5 2. c4 e6 3. Nf3 Nf6 4. Bg5 Be7 5. Nc3 c5 6. e3 Nc6 7. dxc5 dxc4 8. Qa4
O-O 9. Rd1 Qa5 10. Bxc4 Qxc5 11. O-O a6 12. Be2 b6 13. Bxf6 Bxf6 14. Ne4 Qe7 15.
Qxc6 Bb7 16. Nxf6+ gxf6 17. Qd7 Qxd7 18. Rxd7 Bd5 19. b3 Rac8 20. Bxa6 1-0

[Event "Xtracon Chess Open 2017"]
[Site "Helsingor DEN"]
[Date "2017.07.25"]
[Round "5.129"]
[White "Nielsen, Palle"]
[Black "Easwaralingam, Adesh"]
[Result "1-0"]
[WhiteElo "1715"]
[BlackElo "1941"]
[WhiteFideId "1408526"]
[BlackFideId "1448552"]
[EventDate "2017.07.22"]

1. c4 e5 2. Nc3 f5 3. d3 Nf6 4. h3 Nc6 5. a3 a5 6. e4 f4 7. Nf3 Bc5 8. Be2 d6 9.
O-O O-O 10. Bd2 Qe8 11. Nh2 h5 12. Be1 Nd4 13. Kh1 g5 14. Nd5 f3 15. Nxf3 Nxd5
16. cxd5 Nxe2 17. Qxe2 g4 18. Nh4 Qd8 19. g3 Qg5 20. Bd2 Qg7 21. Kh2 Bd7 22. Be3
b6 23. Rac1 Rab8 24. Qd2 Kh7 25. b4 axb4 26. axb4 Bxe3 27. Qxe3 Rb7 28. Rc2 Rf7
29. f4 exf4 30. Rxf4 Rxf4 31. Qxf4 Qe5 32. Qf7+ Qg7 33. Qxh5+ Qh6 34. Qf7+ Qg7
35. Rf2 Rb8 36. Qxg7+ Kxg7 37. Nf5+ Kf6 38. hxg4 Kg5 39. Ne3 Bxg4 40. Nxg4 Kxg4
41. Kg2 1-0

[Event "Xtracon Chess Open 2017"]
[Site "Helsingor DEN"]
[Date "2017.07.25"]
[Round "5.130"]
[White "Bering, Anders"]
[Black "Shehzad, Shazil"]
[Result "0-1"]
[WhiteElo "1940"]
[BlackElo "1678"]
[WhiteFideId "1405810"]
[BlackFideId "1521942"]
[EventDate "2017.07.22"]

1. e4 c5 2. Nf3 e6 3. d4 cxd4 4. Nxd4 a6 5. Bd3 Bc5 6. Nb3 Be7 7. O-O Qc7 8. c4
d6 9. Nc3 b6 10. Be3 Bb7 11. Rc1 Nd7 12. f4 Ngf6 13. Qe2 Rc8 14. h3 h5 15. f5
Ne5 16. fxe6 fxe6 17. Nd4 Qd7 18. b3 Bd8 19. Bb1 Nc6 20. Rcd1 Ne5 21. Bf4 Qe7
22. Nf3 Bc7 23. Nxe5 dxe5 24. Be3 Qb4 25. Rc1 Bd6 26. Kh2 Bc5 27. Bd2 Qa3 28.
Bg5 Bd4 29. Bxf6 gxf6 30. Qf3 Rh6 31. Ne2 Kf7 32. Rcd1 Qd6 33. Ng3 Rch8 34. Rd3
h4 35. Nh1 Rg8 36. Nf2 f5 37. Qd1 Ke7 38. Rd2 Rhg6 39. Nh1 fxe4 40. Nf2 Rxg2+
41. Kh1 e3 42. Be4 exf2 43. Bxb7 Rg1+ 44. Kh2 e4# 0-1

[Event "Xtracon Chess Open 2017"]
[Site "Helsingor DEN"]
[Date "2017.07.25"]
[Round "5.131"]
[White "Gottschalck, Christian"]
[Black "Smeby, Ole"]
[Result "0-1"]
[WhiteElo "1705"]
[BlackElo "1938"]
[WhiteFideId "1428357"]
[BlackFideId "1503677"]
[EventDate "2017.07.22"]

1. e4 d5 2. Nc3 dxe4 3. Nxe4 g6 4. Nf3 Bg7 5. d4 Nf6 6. Nxf6+ Bxf6 7. c3 O-O 8.
Bd3 Nd7 9. Bf4 c5 10. dxc5 Nxc5 11. Be2 Qb6 12. Qc1 Na4 13. Be5 Bxe5 14. Nxe5
Qxb2 15. Qxb2 Nxb2 16. Rb1 Na4 17. Rc1 Nc5 18. O-O Be6 19. a3 Rac8 20. c4 Rc7
21. Rfd1 Rfc8 22. Rc3 f6 23. Bg4 fxe5 24. Bxe6+ Nxe6 25. Re3 Rxc4 26. Rxe5 Rc1 0-1

[Event "Xtracon Chess Open 2017"]
[Site "Helsingor DEN"]
[Date "2017.07.25"]
[Round "5.132"]
[White "Strachan, Christian C."]
[Black "Bernstein, Jonas August"]
[Result "1/2-1/2"]
[WhiteElo "1938"]
[BlackElo "1665"]
[WhiteFideId "1417215"]
[BlackFideId "1532154"]
[EventDate "2017.07.22"]

1. e4 c5 2. c3 Nf6 3. e5 Nd5 4. d4 cxd4 5. cxd4 d6 6. Nf3 Nc6 7. Nc3 Nb6 8. Bb5
a6 9. Be2 dxe5 10. dxe5 Qxd1+ 11. Bxd1 g6 12. O-O Bg7 13. Bf4 O-O 14. Re1 Nc4
15. b3 Nb2 16. Bg3 Bf5 17. Re2 Nd3 18. Bc2 Ncb4 19. Bxd3 Nxd3 20. Nd5 e6 21.
Ne7+ Kh8 22. Nxf5 exf5 23. Rd1 Nc5 24. Ng5 h6 25. Nf3 Ne4 26. Rc1 Kg8 27. Rec2
Rfe8 28. h4 Nxg3 29. fxg3 Bxe5 30. Kf2 Bf6 31. Rc7 b5 32. R1c6 Kg7 33. Rc2 Kg8 1/2-1/2

[Event "Xtracon Chess Open 2017"]
[Site "Helsingor DEN"]
[Date "2017.07.25"]
[Round "5.133"]
[White "van den Brink, Nienke"]
[Black "Bjornes, Leif"]
[Result "1/2-1/2"]
[WhiteElo "1686"]
[BlackElo "1934"]
[WhiteFideId "1452568"]
[BlackFideId "1507397"]
[EventDate "2017.07.22"]

1. e4 c6 2. d4 d5 3. exd5 cxd5 4. Bd3 Nc6 5. c3 g6 6. f4 Nh6 7. Nf3 Bf5 8. Be2
Bg7 9. Ne5 f6 10. Nf3 Nf7 11. O-O O-O 12. Nbd2 Kh8 13. Nh4 Nd6 14. Nxf5 Nxf5 15.
Nf3 Qd6 16. Bd3 Qd7 17. Qe1 Rae8 18. Nh4 Nd6 19. Nxg6+ hxg6 20. Qh4+ Kg8 21.
Bxg6 Rf7 22. f5 e5 23. fxe6 Rxe6 24. Bxf7+ Qxf7 25. Qg4 f5 1/2-1/2

[Event "Xtracon Chess Open 2017"]
[Site "Helsingor DEN"]
[Date "2017.07.25"]
[Round "5.134"]
[White "Lunde, Sigmund"]
[Black "Skjolingstad, Sverre"]
[Result "0-1"]
[WhiteElo "1932"]
[BlackElo "1644"]
[WhiteFideId "1511351"]
[BlackFideId "1519913"]
[EventDate "2017.07.22"]

1. d4 Nf6 2. Nf3 c5 3. d5 g6 4. c4 b5 5. e3 Bg7 6. Bd3 Bb7 7. O-O O-O 8. Re1
bxc4 9. Bxc4 d6 10. Nc3 Nbd7 11. e4 Ng4 12. h3 Nge5 13. Be2 Nxf3+ 14. Bxf3 Ba6
15. Be2 Bxe2 16. Rxe2 Qa5 17. Bd2 Rab8 18. Qc1 Ne5 19. b3 Nd3 20. Qc2 Nb4 21.
Qd1 Qa6 22. Be1 Nd3 23. Bd2 c4 24. Rb1 cxb3 25. Rxb3 Rxb3 26. axb3 Rc8 27. Na4
Qb5 28. Be3 Bd4 29. Kh2 Be5+ 30. g3 Nc1 31. Rc2 Rxc2 32. Qxc2 Nxb3 33. Qc8+ Kg7
34. Nc3 Qd3 35. Na4 Nd4 36. Qd7 Nf3+ 37. Kg2 Ne1+ 38. Kg1 Bxg3 39. Qxe7 Be5 40.
Qxa7 Nf3+ 41. Kg2 Nh4+ 42. Kg1 Qd1# 0-1

[Event "Xtracon Chess Open 2017"]
[Site "Helsingor DEN"]
[Date "2017.07.25"]
[Round "5.135"]
[White "Langvik, Ulrikke"]
[Black "Rosell, Sven"]
[Result "0-1"]
[WhiteElo "1640"]
[BlackElo "1930"]
[WhiteFideId "1517910"]
[BlackFideId "1707760"]
[EventDate "2017.07.22"]

1. d4 Nf6 2. c4 g6 3. Nc3 Bg7 4. e4 d6 5. Be2 O-O 6. Bg5 h6 7. Be3 c5 8. d5 e6
9. Qd2 exd5 10. exd5 Kh7 11. f3 Re8 12. O-O-O a6 13. g4 Qa5 14. Bxh6 Bxh6 15. g5
Bg7 16. gxf6 Bxf6 17. Bd3 Bxc3 18. bxc3 Nd7 19. f4 Nf6 20. h4 Bg4 21. Rf1 Ne4
22. Bxe4 Rxe4 23. h5 f5 24. Nf3 Rxc4 25. Ng5+ Kg8 26. h6 Rxc3+ 27. Kb1 Rb3+ 28.
axb3 Qxd2 29. Re1 Be2 30. h7+ Kg7 31. Ne6+ Kh8 32. Ng5 Rf8 33. Reg1 Qxd5 34. Re1
Qxb3+ 35. Kc1 Qc3+ 36. Kb1 Bd3+ 37. Ka2 Qa5+ 38. Kb2 Qb4+ 39. Kc1 Qc3+ 40. Kd1
Qc2# 0-1

[Event "Xtracon Chess Open 2017"]
[Site "Helsingor DEN"]
[Date "2017.07.25"]
[Round "5.136"]
[White "Henriksen, Morgan"]
[Black "Alfven, Jorgen"]
[Result "1-0"]
[WhiteElo "1632"]
[BlackElo "1927"]
[WhiteFideId "1510495"]
[BlackFideId "1715950"]
[EventDate "2017.07.22"]

1. d4 Nf6 2. c4 g6 3. Nc3 Bg7 4. e4 d6 5. Nf3 O-O 6. h3 e5 7. Be3 Nc6 8. d5 Ne7
9. Qd2 a6 10. O-O-O Bd7 11. Kb1 Qe8 12. g4 Kh8 13. Bh6 Neg8 14. Bxg7+ Kxg7 15.
Be2 b5 16. g5 Nh5 17. Rdg1 Nf4 18. Bf1 bxc4 19. h4 Kh8 20. Ne2 Nd3 21. Ng3 Bg4
22. Nh2 Bd7 23. Bxd3 cxd3 24. Qxd3 f5 25. exf5 Bxf5 26. Nxf5 Rxf5 27. Ng4 Qb5
28. Qd2 Rb8 29. Rg3 Qc4 30. Rc1 Qe4+ 31. Ka1 Rb5 32. Ne3 Rf7 33. Rh3 Qf4 34. f3
Qd4 35. Rd1 Rc5 36. Qe2 Qa4 37. h5 Ra5 38. a3 Kg7 39. hxg6 hxg6 40. Rc1 Qd4 41.
Kb1 Rb5 42. Rc2 Rb3 43. f4 Rxe3 44. Qxe3 Qxd5 45. fxe5 dxe5 46. Rc1 Qd6 47. Qc3
Rd7 48. Re3 Re7 49. Rce1 Kf7 50. Rxe5 Rxe5 51. Qxe5 Qxe5 52. Rxe5 Ne7 53. Rc5 c6
54. Kc2 Ke6 55. Ra5 Nf5 56. Kd3 Nd6 57. a4 Nf7 58. b3 Kd6 59. Kd4 Nd8 60. Ke4
Nb7 61. Re5 Nc5+ 62. Rxc5 Kxc5 63. Ke5 Kb4 64. Kf6 Kxb3 65. Kxg6 c5 66. Kf5 c4
67. g6 c3 68. g7 c2 69. g8=Q+ Kb2 70. Qg2 Kb1 71. Qe4 a5 72. Ke5 Kb2 73. Qe2 Kb1
74. Qd3 Kb2 75. Qd2 Kb1 76. Kd4 c1=Q 77. Qxc1+ Kxc1 78. Kc4 Kc2 79. Kb5 Kc3 80.
Kxa5 Kc4 81. Kb6 1-0

[Event "Xtracon Chess Open 2017"]
[Site "Helsingor DEN"]
[Date "2017.07.25"]
[Round "5.137"]
[White "Fransson, Pia"]
[Black "Nielsen, Morten Majlund"]
[Result "0-1"]
[WhiteElo "1482"]
[BlackElo "1927"]
[WhiteFideId "1724207"]
[BlackFideId "1445448"]
[EventDate "2017.07.22"]

1. d4 d5 2. Nf3 Nf6 3. c4 c6 4. cxd5 cxd5 5. Nc3 Nc6 6. Bf4 Bg4 7. Ne5 Bd7 8.
Nxd7 Qxd7 9. e3 e6 10. Bb5 a6 11. Qa4 Rc8 12. Bxc6 Qxc6 13. Qxc6+ Rxc6 14. O-O
Kd7 15. Rac1 Bb4 16. Ne2 Rhc8 17. Rxc6 Rxc6 18. Rc1 Ne4 19. Rxc6 Kxc6 20. f3 Nd6
21. Nc1 Nc4 22. b3 Bd2 23. bxc4 Bxc1 24. cxd5+ exd5 25. Kf1 Kb5 26. Ke2 Kc4 27.
Bg3 b5 28. Bf2 Bb2 29. Kd2 a5 30. Kc2 Bc3 31. Kd1 b4 32. Kc2 a4 33. Bg3 b3+ 34.
axb3+ axb3+ 35. Kb1 Kd3 36. e4 Kxd4 37. e5 Kc4 38. f4 d4 39. f5 d3 40. Bf4 Bxe5 0-1

[Event "Xtracon Chess Open 2017"]
[Site "Helsingor DEN"]
[Date "2017.07.25"]
[Round "5.138"]
[White "Rasmussen, Morten Fredsgaard2"]
[Black "Kreken, Eivind Grunt"]
[Result "1-0"]
[WhiteElo "1922"]
[BlackElo "1412"]
[WhiteFideId "1410636"]
[BlackFideId "1532359"]
[EventDate "2017.07.22"]

1. f4 g6 2. b3 Bg7 3. Nc3 Nf6 4. Bb2 O-O 5. Nf3 c5 6. e3 d6 7. Bd3 Nc6 8. O-O
Bg4 9. a3 e5 10. fxe5 Nxe5 11. Be2 Nfd7 12. Qe1 a6 13. Qg3 Bxf3 14. gxf3 d5 15.
Rad1 Nb8 16. Na4 Re8 17. Rf2 c4 18. f4 Ned7 19. Bxg7 Kxg7 20. f5 Nf6 21. fxg6
Ne4 22. Rxf7+ Kh8 23. Rxh7+ Kg8 24. Qf4 Rf8 25. Rh8+ Kxh8 26. Qh6+ 1-0

[Event "Xtracon Chess Open 2017"]
[Site "Helsingor DEN"]
[Date "2017.07.25"]
[Round "5.139"]
[White "Thybo, Thomas Sondergaard"]
[Black "Svane, Freja"]
[Result "1-0"]
[WhiteElo "1999"]
[BlackElo "1451"]
[WhiteFideId "1441299"]
[BlackFideId "12940100"]
[EventDate "2017.07.22"]

1. e4 e6 2. d4 d5 3. Nd2 dxe4 4. Nxe4 Bd7 5. Nf3 Bc6 6. Bd3 Nd7 7. O-O Ngf6 8.
Qe2 Be7 9. c3 O-O 10. Bf4 Re8 11. Ne5 Bxe4 12. Bxe4 Nxe4 13. Qxe4 c6 14. a4 Nxe5
15. Bxe5 Bd6 16. a5 Bxe5 17. Qxe5 Rc8 18. f4 Qd5 19. a6 Qxe5 20. dxe5 b6 21.
Rfd1 Red8 22. b4 Kf8 23. c4 Ke7 24. c5 bxc5 25. bxc5 Rd5 26. Rab1 Kd8 27. Rdc1
Rd4 28. g3 Rc7 29. Rb8+ Rc8 30. Rb7 Rc7 31. Rcb1 Rdd7 32. Kf2 Ke7 33. Ke3 h5 34.
h3 g6 35. Ke4 Ke8 36. g4 hxg4 37. hxg4 Ke7 38. f5 gxf5+ 39. gxf5 f6 40. Rxc7
exf5+ 41. Kxf5 Rxc7 42. Rb7 Rd7 43. e6 Rxb7 44. axb7 a5 45. b8=Q a4 46. Qd6+ Ke8
47. Qd7+ Kf8 48. Qf7# 1-0

[Event "Xtracon Chess Open 2017"]
[Site "Helsingor DEN"]
[Date "2017.07.25"]
[Round "5.140"]
[White "Kocur, Marc"]
[Black "Overmark, Ole"]
[Result "1/2-1/2"]
[WhiteElo "1934"]
[BlackElo "1767"]
[WhiteFideId "205036"]
[BlackFideId "1410776"]
[EventDate "2017.07.22"]

1. Nf3 Nf6 2. b3 c5 3. Bb2 d5 4. e3 Nc6 5. Bb5 Bd7 6. O-O a6 7. Bxc6 Bxc6 8. Ne5
Rc8 9. d3 e6 10. Nd2 Be7 11. f4 O-O 12. g4 Nd7 13. Nxc6 Rxc6 14. g5 e5 15. h4 f5
16. Qf3 e4 17. dxe4 dxe4 18. Qg2 Nb6 19. Qe2 c4 20. Rad1 Qc8 21. Bd4 c3 22. Bxb6
cxd2 23. Bd4 Rxc2 24. Rxd2 Rc6 25. Rf2 Qe6 26. Rc2 Rfc8 27. Qd1 Ba3 28. Kf1 Qd7
29. Kg2 1/2-1/2

[Event "Xtracon Chess Open 2017"]
[Site "Helsingor DEN"]
[Date "2017.07.25"]
[Round "5.141"]
[White "Winther, Bjarke Rosenborg"]
[Black "Ukkelberg, Oyvind"]
[Result "0-1"]
[WhiteElo "1741"]
[BlackElo "1933"]
[WhiteFideId "1447173"]
[BlackFideId "1507893"]
[EventDate "2017.07.22"]

1. e4 d5 2. exd5 Qxd5 3. Nc3 Qa5 4. d4 Nf6 5. Nf3 Bg4 6. h3 Bh5 7. g4 Bg6 8. Ne5
c6 9. h4 Be4 10. Rh3 Bd5 11. Bd2 Qb6 12. Nxd5 cxd5 13. Rb3 Qc7 14. Bb5+ Nbd7 15.
Rc3 Qb6 16. Nxd7 Qxb5 17. Nxf6+ gxf6 18. Rb3 Qd7 19. Qf3 Bg7 20. O-O-O O-O 21.
g5 f5 22. Bf4 Rfc8 23. h5 Rc4 24. Be5 Rac8 25. Rd2 Bxe5 26. dxe5 e6 27. h6 Qc7
28. Qe2 Re4 29. Re3 Qxe5 30. Rxe4 fxe4 31. Qe3 b6 32. f3 Rc4 33. fxe4 Rxe4 0-1

[Event "Xtracon Chess Open 2017"]
[Site "Helsingor DEN"]
[Date "2017.07.25"]
[Round "5.142"]
[White "Schouten, Mathias Lind"]
[Black "Meyer, Juergen"]
[Result "1-0"]
[WhiteElo "1734"]
[BlackElo "1928"]
[WhiteFideId "1532790"]
[BlackFideId "24661759"]
[EventDate "2017.07.22"]

1. e4 e6 2. d4 d5 3. Nd2 Nf6 4. e5 Nfd7 5. Bd3 c5 6. c3 Nc6 7. Ne2 cxd4 8. cxd4
f6 9. exf6 Nxf6 10. Nf3 Bd6 11. O-O Qc7 12. Ng3 O-O 13. Re1 Bd7 14. Bg5 Ng4 15.
Bh4 e5 16. dxe5 Ncxe5 17. Nxe5 Bxe5 18. Rc1 Qb6 19. Nf5 Bxf5 20. Bxf5 Rxf5 21.
Qxg4 Raf8 22. Re2 Bd4 23. Rcc2 h5 24. Qg3 Rf4 25. Qg5 R4f5 26. Qg3 Bc5 27. Qc3
d4 28. Qd3 Qd6 29. Be7 Qxe7 30. Rxe7 Bxe7 31. Qxd4 b6 32. Kf1 Kh8 33. f3 Rd8 34.
Qe4 Rc5 35. Qxe7 Rd1+ 36. Ke2 Rxc2+ 37. Kxd1 Rxg2 38. Qe8+ Kh7 39. Qxh5+ Kg8 40.
Kc1 Rg1+ 41. Kc2 Re1 42. Qd5+ Kh8 43. Qd8+ Kh7 44. Qh4+ 1-0

[Event "Xtracon Chess Open 2017"]
[Site "Helsingor DEN"]
[Date "2017.07.25"]
[Round "5.143"]
[White "Tolba, Henri"]
[Black "Rasmussen, Henrik Egede"]
[Result "1/2-1/2"]
[WhiteElo "1729"]
[BlackElo "1926"]
[WhiteFideId "1418246"]
[BlackFideId "1417800"]
[EventDate "2017.07.22"]

1. d4 Nf6 2. c4 e6 3. Nc3 Bb4 4. Qc2 c5 5. e3 Nc6 6. dxc5 Bxc5 7. a3 Be7 8. Nf3
O-O 9. Bd3 d5 10. cxd5 exd5 11. O-O h6 12. Rd1 Be6 13. b4 Rc8 14. Bb2 Ng4 15. h3
Nf6 16. Qa4 Qb6 17. Nb5 a6 18. Nbd4 Bd7 19. Nxc6 Bxc6 20. Qb3 Rfd8 21. Rac1 Be8
22. Bf5 Rxc1 23. Rxc1 Bc6 24. Bd4 Qc7 25. Be5 Qb6 26. Bd4 Qc7 1/2-1/2

[Event "Xtracon Chess Open 2017"]
[Site "Helsingor DEN"]
[Date "2017.07.25"]
[Round "5.144"]
[White "Kyrkjebo, Hanna B."]
[Black "Pedersen, Carl Aage"]
[Result "1-0"]
[WhiteElo "1923"]
[BlackElo "1758"]
[WhiteFideId "1511599"]
[BlackFideId "1417614"]
[EventDate "2017.07.22"]

1. e4 c5 2. Nf3 d6 3. Bb5+ Bd7 4. Bxd7+ Qxd7 5. c4 Nc6 6. Nc3 Nf6 7. d4 cxd4 8.
Nxd4 g6 9. f3 Bg7 10. Be3 O-O 11. O-O Rac8 12. b3 Rfd8 13. Rc1 a6 14. Na4 Qe8
15. Nb6 Rb8 16. Ne2 Nd7 17. Nc3 Nxb6 18. Bxb6 Bxc3 19. Rxc3 Rdc8 20. f4 Nd8 21.
f5 Qc6 22. Bd4 e5 23. fxe6 Nxe6 24. Qf3 f5 25. Ba7 Ra8 26. exf5 Qxf3 27. Rcxf3
Ng5 28. Rg3 Ne4 29. Re3 Nd2 30. Rd1 Nxc4 31. bxc4 Rxa7 32. Rxd6 Rxc4 33. Re7
gxf5 34. Rd8# 1-0

[Event "Xtracon Chess Open 2017"]
[Site "Helsingor DEN"]
[Date "2017.07.25"]
[Round "5.145"]
[White "Werner, Jakob"]
[Black "Oland, Arne"]
[Result "0-1"]
[WhiteElo "1690"]
[BlackElo "1912"]
[WhiteFideId "1426850"]
[BlackFideId "1422081"]
[EventDate "2017.07.22"]

1. d4 f5 2. e4 fxe4 3. Nc3 Nf6 4. Bg5 c6 5. f3 e3 6. Bd3 Qa5 7. Bxe3 e5 8. Ne2
d6 9. O-O Be7 10. Qe1 Nd5 11. Nxd5 Qxe1 12. Nc7+ Kd8 13. Rfxe1 Kxc7 14. dxe5
dxe5 15. Ng3 g6 16. Rad1 b6 17. Ne4 Bf5 18. Bh6 Re8 19. Kf1 Nd7 20. Re2 Bxe4 21.
Bxe4 Bf6 22. Bd2 Rad8 23. Bb4 Nf8 24. Red2 Ne6 25. Bd6+ Kb7 26. b4 Nd4 27. Rxd4
exd4 28. Bg3 b5 29. Rd3 Re6 30. a4 bxa4 31. Ra3 Rxe4 32. fxe4 Re8 33. Rxa4 Rxe4
34. Bf2 a6 35. Ra3 Kb6 36. c4 Re6 37. Rd3 c5 38. bxc5+ Kxc5 39. Rc3 Kb4 40. Rc1
Kb3 41. c5 d3 42. Be1 Bb2 43. Rd1 Kc4 44. Bf2 Rf6 45. Kg1 Bd4 46. Rc1+ Kd5 47.
Bxd4 Kxd4 48. c6 d2 49. Rd1 Kd3 50. c7 Rc6 51. Kf2 Rxc7 52. Ra1 Rf7+ 53. Kg3 Ke2
54. Ra2 Ke1 0-1

[Event "Xtracon Chess Open 2017"]
[Site "Helsingor DEN"]
[Date "2017.07.25"]
[Round "5.146"]
[White "Vinter, Christoffer"]
[Black "McAndrew, Robert"]
[Result "1/2-1/2"]
[WhiteElo "1633"]
[BlackElo "1909"]
[WhiteFideId "1449737"]
[BlackFideId "2404915"]
[EventDate "2017.07.22"]

1. e4 c5 2. Nf3 e6 3. d4 cxd4 4. Nxd4 a6 5. c4 d6 6. Nc3 Nf6 7. f3 Nc6 8. Be3
Be7 9. Be2 Bd7 10. O-O O-O 11. Qd2 Nxd4 12. Qxd4 Qc7 13. Rad1 Rac8 14. f4 Rfd8
15. Qb6 Qc6 16. e5 Ne8 17. b3 d5 18. Bf3 Bc5 19. Bxc5 Qxc5+ 20. Qxc5 Rxc5 21.
Na4 Bxa4 22. bxa4 Rxc4 23. Rb1 Rd7 24. Bd1 g6 25. Bb3 Rc5 26. g4 Ng7 27. Rbc1
Rdc7 28. Rxc5 Rxc5 29. Rf2 Kf8 30. Rc2 b6 31. Kf2 Ke8 32. Ke3 Kd7 33. Kd4 Kc6
34. a5 Rxc2 35. Bxc2 bxa5 36. a4 1/2-1/2

[Event "Xtracon Chess Open 2017"]
[Site "Helsingor DEN"]
[Date "2017.07.25"]
[Round "5.147"]
[White "Skjoldager, Flemming"]
[Black "Hojgaard, Brandur"]
[Result "1-0"]
[WhiteElo "1906"]
[BlackElo "1747"]
[WhiteFideId "1406515"]
[BlackFideId "7201478"]
[EventDate "2017.07.22"]

1. e4 c5 2. Nf3 d6 3. d4 cxd4 4. Nxd4 Nf6 5. Nc3 a6 6. g3 g6 7. Bg2 Bg7 8. O-O
Qc7 9. h3 Nc6 10. Nb3 Bd7 11. f4 O-O 12. Be3 b5 13. a3 Rac8 14. Rc1 e6 15. Qd2
Rfd8 16. Qf2 Rb8 17. Ra1 Ne7 18. Rad1 Nc6 19. Nd4 Na5 20. e5 Ne8 21. Ne4 d5 22.
Ng5 Bf8 23. c3 Nc4 24. Bc1 Ng7 25. g4 Bc5 26. Qh4 h5 27. Kh1 Be7 28. Bf3 f6 29.
exf6 Bxf6 30. gxh5 gxh5 31. Bxh5 Be8 32. Bxe8 Rxe8 33. Qh7+ Kf8 34. Rde1 Rb6 35.
Qg6 Qd7 36. Qxf6+ 1-0